000 00557nam a2200169Ia 4500
008 180921t2016 xxu||||| |||| 00| 0 sin d
041 _asin
080 _a294.3
_bGNA
100 _aGnanananda Himi,Kiribathgoda
245 _aනුවණ වැඩීමට පිළියමක් : අලුත් දහම් වැඩසටහන 04
246 _aNuwana Wadeemata Piliyamak : Aluth Daham Wadasatahana 04
260 _bMahamegha
_aPolgahawela
_c2016
300 _b92p, 21cm
942 _cBK
999 _c1929
_d1929
003 LK-CoDNM
040 _aLK-CoDNM
_dLK-CoDNM
_eLK-CoDNM